Podniková strategie - jak na to?

Proces strategického riadenia. Tímová práca. Identifikácia súčasnej podnikovej misie a cieľov. Analýza prostredia. Analýza podnikových zdrojov. Portfolio analýzy. Tvorba organizačnej misie a cieľov. Formulácia stratégie. Implementácia a priebežná kontrola zvolenej stratégie. Vyhodnotenie dosiahnutýc...

Full description

Saved in:
Bibliographic Details
Main Author: Macura, Z.
Format: Book Chapter
Language:Czech
Subjects:
Tags: Add Tag
No Tags, Be the first to tag this record!

MARC

LEADER 00000naa a2200000 4500
001 r018793
005 20221205102404.0
041 0 |a cze 
044 |a CZ 
245 1 0 |a Podniková strategie - jak na to?  |c Z. Macura 
520 |a Proces strategického riadenia. Tímová práca. Identifikácia súčasnej podnikovej misie a cieľov. Analýza prostredia. Analýza podnikových zdrojov. Portfolio analýzy. Tvorba organizačnej misie a cieľov. Formulácia stratégie. Implementácia a priebežná kontrola zvolenej stratégie. Vyhodnotenie dosiahnutých cieľov. 
610 2 0 |a riadenie strategické 
610 2 0 |a stratégia podniková 
610 2 0 |a práca tímová 
610 2 0 |a ciele podnikové 
610 2 0 |a prostredie ekonomické 
610 2 0 |a analýzy 
610 2 0 |a misia 
100 1 |a Macura, Z.